| 000 | 01087nam a22002417a 4500 | ||
|---|---|---|---|
| 005 | 20080606105433.0 | ||
| 008 | 080610t xxu||||| |||| 00| p hin d | ||
| 010 | _aHIN-83360 | ||
| 020 |
_a8171490875 _c150.00 |
||
| 035 | _aHN-55706 | ||
| 037 | _bDBAD / PUB | ||
| 040 |
_aDPL _bHN |
||
| 082 | _a821 | ||
| 100 | _aआर्य, भारत भूषण | ||
| 245 |
_aमन कब हुआ कबीर / _cभारत भूषण आर्य |
||
| 246 |
_aMan kab hua Kabir _bby Bharat Bhushan Arya |
||
| 260 |
_aदिल्ली _bसाहित्य सहकार _c2007 |
||
| 270 |
_a29/62-बी, गली न.11, विश्वास नगर _bदिल्ली _e110032 _k22385703 |
||
| 270 |
_bदिल्ली _e110032 |
||
| 300 |
_a255पृ _c22 सेमी (सजिल्द) |
||
| 942 |
_2ddc _cHN _h821 _m आर्यभा |
||
| 999 |
_c13358 _d13358 |
||